000 00352nam a2200157Ia 4500
003 0STCL
008 150530s9999 xx 000 0 und d
040 _aSTCL
_cSTCL
100 _aRamachandran Nair, N.
245 _aGlimpses of Modern Prose
260 _c2005
546 _aEnglish
942 _2ddc
_cBK
999 _c60252
_d60252
005 20220125171132.0